Los Cantos del Pacífico: poesías selectas

Kaydedildi:
Detaylı Bibliyografya
Yazar: Chocano, José Santos
Materyal Türü: Kitap
Dil:Undetermined
Baskı/Yayın Bilgisi: París, Francia Librería de la Vda de Ch. Bouret 1923
Konular:
Etiketler: Etiketle
Etiket eklenmemiş, İlk siz ekleyin!

MARC

LEADER 00000nam a2200000Ia 4500
008 170316s9999 xx 000 0 und d
040 |a cru BVZT 
090 |a 860 CH-6c 
100 |a Chocano, José Santos  |9 983 
245 |a Los Cantos del Pacífico: poesías selectas  |c / José Santos Chocano 
260 |a París, Francia  |b Librería de la Vda de Ch. Bouret  |c 1923 
300 |a 237 páginas 
650 |a LITERATURA LATINOAMERICANA  |9 15 
650 |a POESÍAS  |9 984 
999 |c 8282  |d 8282 
942 |c 15 D  |h 860 CH-6c  |2 z